Los villancicos de mi catedral / (Record no. 142174)

MARC details
000 -LEADER
campo de control de longitud fija 00619nam a2200181 i 4500
001 - NÚMERO DE CONTROL
campo de control 142174
003 - IDENTIFICADOR DE NÚMERO DE CONTROL
campo de control ES-MaACL
005 - FECHA Y HORA DE LA ÚLTIMA TRANSACCIÓN
campo de control 20250612184447.0
007 - CAMPO FIJO DE DESCRIPCIÓN FÍSICA--INFORMACIÓN GENERAL
campo de control de longitud fija t|
008 - DATOS DE LONGITUD FIJA--INFORMACIÓN GENERAL
campo de control de longitud fija 071003s1967 sp ||||1| spa d
245 04 - MENCIÓN DEL TÍTULO
Título Los villancicos de mi catedral /
Mención de responsabilidad, etc. nuevamente sacados a la luz por Federico Muelas ; con ilustraciones de Lorenzo Goñi.
260 ## - PUBLICACIÓN, DISTRIBUCIÓN, ETC.
Lugar de publicación, distribución, etc. Cuenca :
Nombre del editor, distribuidor, etc. Diputacion Provincial,
Fecha de publicación, distribución, etc. 1967.
300 ## - DESCRIPCIÓN FÍSICA
Extensión 86 p., 8 lám. ;
Dimensiones 28 cm.
700 1# - ENTRADA AGREGADA--NOMBRE PERSONAL
Nombre de persona Muelas, Federico,
Fechas asociadas al nombre 1909-1974
9 (RLIN) 84034
700 1# - ENTRADA AGREGADA--NOMBRE PERSONAL
Nombre de persona Goñi, Lorenzo,
Fechas asociadas al nombre 1911-1992
9 (RLIN) 59083
852 ## - LOCALIZACIÓN
Ubicación ES-MaACL
Número de control de estantería C-34313
Sublocalización o colección R.64957
Holdings
Estatus retirado Estado de pérdida Estado de daño No para préstamo Biblioteca de origen Biblioteca actual Ubicación en estantería Fecha de adquisición Fuente de adquisición Total de préstamos Signatura topográfica completa Código de barras Visto por última vez Precio de reemplazo Tipo de ítem Koha
        Biblioteca del Ateneo de Madrid Biblioteca del Ateneo de Madrid Depósito 2 17/01/2008     C-34313 1147930 23/02/2023 23/02/2023 Libro impreso